<?xml version="1.0" encoding="UTF-8"?>
<record
    xmlns:xsi="http://www.w3.org/2001/XMLSchema-instance"
    xsi:schemaLocation="http://www.loc.gov/MARC21/slim http://www.loc.gov/standards/marcxml/schema/MARC21slim.xsd"
    xmlns="http://www.loc.gov/MARC21/slim">

  <leader>02680nam a2200313 a 4500</leader>
  <controlfield tag="001">000016193</controlfield>
  <controlfield tag="003">DO-SdBNP</controlfield>
  <controlfield tag="005">20160317110200.0</controlfield>
  <controlfield tag="007">000016193</controlfield>
  <controlfield tag="008">100301s2010   sp  a          001 0 spa d</controlfield>
  <datafield tag="020" ind1=" " ind2=" ">
    <subfield code="a">9786124058011</subfield>
  </datafield>
  <datafield tag="040" ind1=" " ind2=" ">
    <subfield code="a">BPMSU</subfield>
    <subfield code="b">spa</subfield>
    <subfield code="c">BPMSU</subfield>
  </datafield>
  <datafield tag="092" ind1=" " ind2=" ">
    <subfield code="a">728</subfield>
    <subfield code="b">C138e</subfield>
  </datafield>
  <datafield tag="100" ind1="1" ind2=" ">
    <subfield code="a"> Ca&#xF1;izares, Ana G.</subfield>
  </datafield>
  <datafield tag="245" ind1="1" ind2="4">
    <subfield code="a">Edificios residenciales /</subfield>
    <subfield code="c">edici&#xF3;n y textos Ana G. Ca&#xF1;izares.; traducci&#xF3;n Ana Peco </subfield>
  </datafield>
  <datafield tag="260" ind1=" " ind2=" ">
    <subfield code="a">Barcelona :</subfield>
    <subfield code="b">Lexus </subfield>
    <subfield code="c">2010</subfield>
  </datafield>
  <datafield tag="300" ind1=" " ind2=" ">
    <subfield code="a">199 p. :</subfield>
    <subfield code="b">il. ;</subfield>
    <subfield code="c">32 cm.</subfield>
  </datafield>
  <datafield tag="505" ind1=" " ind2=" ">
    <subfield code="t">Murphy/Jahn : Residencia de Estudiantes del ITT (Chicago, USA) -- Archi-Tectonics : Greenwich Street (New York, USA) -- AHMM :Raines Court (Londres) -- Edouard Fran&#xE7;ois : Torre de las Flores (Paris, France) -- Edouard Fran&#xE7;ois : Edificio Creciente (Montpellier,France) -- Engelenmoore : 150 Liverpool Street ; Kings Lane ; 138 Barcom Avenue ; Edificio Cuadr&#xED;cula (Sydney, Australia) -- Perkins &amp; Will : Skybridge (Chicago,USA) -- 24 H Architecture : Complejo en Getsewoud (Amsterdam, Pays-Bas) -- GCA Arquitectes :Apartamentos en Sabadell (Espagne) -- Despang Architekten : Apartamentos en Hannover (Hanovre, Allemagne) -- Hans Peter W&#xF6;rndl : Z'aum-G'ruckt (Salzburg, Autriche) -- EEA Architects : Apartamentos en Mauritskade (Amsterdam, Pays-Bas) -- Pugh + Scarpa : Colorado Court ; Lofts de artistas Bergamot (Santa Monica, USA) -- Tannerhecht Archiecture : Lofts en Cannery (Newport Beach, USA) -- Klein Dytham Architecture : Apartamentos en Nagoya (Tokyo, Japon) -- Dale Jones-Evans : Apartamentos Metalika (Sydney, Australie) -- Camezind Evolution : Seewurfel (Zurich, Suisse).</subfield>
    <subfield code="g">	
</subfield>
    <subfield code="t"> </subfield>
  </datafield>
  <datafield tag="520" ind1=" " ind2=" ">
    <subfield code="a">'Edificios residenciales' re&#xFA;ne alguno de los &#xFA;ltimos dise&#xF1;os de arquitectos contempor&#xE1;neos, de renombre local e internacional, destacando las tendencias m&#xE1;s actuales en la arquitectura aplicada a los proyectos residenciales m&#xFA;ltiples. los proyectos mostrados, que constan de estructuras completamente nuevas dise&#xF1;adas en su totalidad por los arquitectos, est&#xE1;n ilustrados como una serie fotogr&#xE1;fica que muestra el exterior de cada edificio, as&#xED; como sus zonas comunes y espacios interiores privados. Una selecci&#xF3;n de planos y el texto descriptivo acompa&#xF1;ante exploran cada proyecto con mayor profundidad y detalle."--Page 4 of cover.</subfield>
  </datafield>
  <datafield tag="650" ind1=" " ind2=" ">
    <subfield code="a">EDIFICIOS DE APARTAMENTOS</subfield>
  </datafield>
  <datafield tag="650" ind1=" " ind2=" ">
    <subfield code="a">ARQUITECTURA DOM&#xC9;STICA</subfield>
  </datafield>
  <datafield tag="700" ind1="1" ind2=" ">
    <subfield code="a">Peco, Ana </subfield>
    <subfield code="e">tr. </subfield>
  </datafield>
  <datafield tag="910" ind1=" " ind2=" ">
    <subfield code="a">Validado. Control de calidad MFF</subfield>
  </datafield>
  <datafield tag="930" ind1=" " ind2="1">
    <subfield code="l">BND01</subfield>
    <subfield code="m">LF1</subfield>
    <subfield code="8">20100301</subfield>
    <subfield code="f">01</subfield>
    <subfield code="p">CT</subfield>
    <subfield code="g">10847</subfield>
  </datafield>
  <datafield tag="942" ind1=" " ind2=" ">
    <subfield code="2">ddc</subfield>
    <subfield code="c">BK</subfield>
  </datafield>
  <datafield tag="952" ind1=" " ind2=" ">
    <subfield code="0">0</subfield>
    <subfield code="1">0</subfield>
    <subfield code="2">ddc</subfield>
    <subfield code="4">0</subfield>
    <subfield code="7">0</subfield>
    <subfield code="8">GEN</subfield>
    <subfield code="a">BPMET</subfield>
    <subfield code="b">BPMET</subfield>
    <subfield code="d">2015-09-25</subfield>
    <subfield code="e">Compra</subfield>
    <subfield code="l">0</subfield>
    <subfield code="o">728    C138e</subfield>
    <subfield code="p">BPMSU15090158</subfield>
    <subfield code="r">2015-09-25</subfield>
    <subfield code="w">2015-09-25</subfield>
    <subfield code="y">BK</subfield>
  </datafield>
  <datafield tag="956" ind1=" " ind2=" ">
    <subfield code="a">SARMENTERO</subfield>
    <subfield code="b">10</subfield>
    <subfield code="c">20100301</subfield>
    <subfield code="l">BND01</subfield>
    <subfield code="h">1040</subfield>
  </datafield>
  <datafield tag="956" ind1=" " ind2=" ">
    <subfield code="a">IGARCIA</subfield>
    <subfield code="b">10</subfield>
    <subfield code="c">20100303</subfield>
    <subfield code="l">BND01</subfield>
    <subfield code="h">1055</subfield>
  </datafield>
  <datafield tag="956" ind1=" " ind2=" ">
    <subfield code="a">VMATEO</subfield>
    <subfield code="b">10</subfield>
    <subfield code="c">201525</subfield>
    <subfield code="l">BPMSU</subfield>
    <subfield code="h">00151</subfield>
  </datafield>
  <datafield tag="999" ind1=" " ind2=" ">
    <subfield code="c">8287</subfield>
    <subfield code="d">8287</subfield>
  </datafield>
</record>
